Missing Word: 1990s TV Shows A-Z Quiz Stats

 Plays Quiz Updated Aug 1, 2014

Support Sporcle.
Go Orange.
Score 0/26 Timer 03:00
2 Plays Today
Show Word % Correct
Law & _____Order
98.4%
Buffy the _______ SlayerVampire
97.2%
Dawson's _____Creek
96.9%
____ Say the Darndest ThingsKids
94.2%
The ____ Late ShowLate
93.7%
______ GuyFamily
93.1%
Freaks and _____Geeks
92.4%
_____ JudyJudge
92.4%
____: Warrior PrincessXena
91.1%
___ of a KindTwo
90.5%
Twin _____Peaks
90%
____ 'til You DropShop
86.8%
Star Trek: ____ Space NineDeep
86.6%
Show Word % Correct
The West ____Wing
86.2%
Dr. _____, Medicine WomanQuinn
85%
Mighty _______ Power RangersMorphin
81.3%
_____ BuckUncle
81.1%
Sweet Valley ____High
75.3%
_____ HerculesYoung
73.6%
________ ExposureNorthern
72.6%
Batman: The ________ SeriesAnimated
57.7%
Eerie, _______Indiana
55.3%
_______ 5Babylon
52.3%
___, Duncan, Jack and JaneZoe
34.2%
_________ JimEarthworm
20.8%
_____ LakeRicki
18.7%

Today's Daily Dose

You're not logged in!

Compare scores with friends on all Sporcle quizzes.
OR
Log In

From the Vault

Emmy - Daytime Talk Show Host

by Derek

We will save you some time, Jerry Springer is not on this list.
Remove Ads.
Support Sporcle.
Get the best of Sporcle when you Go Orange. This ad-free experience offers more features, more stats, and more fun while also helping to support Sporcle. Thank you for becoming a member.

Show Comments

Extras

Top Quizzes Today


Score Distribution

Your Account Isn't Verified!

In order to create a playlist on Sporcle, you need to verify the email address you used during registration. Go to your Sporcle Settings to finish the process.

Report this User

Report this user for behavior that violates our Community Guidelines.

Details: